Equations in Mathematical Physics : a Practical Course /

Guardado en:
Bibliografiske detaljer
Hovedforfatter: Pikulin, Victor P. (autor)
Andre forfattere: Pohozaev, Stanislav I, (autor) (autor)
Format: Bog
Sprog:engelsk
Udgivet: Basilea, Suiza : Birkhäuser, 2001, c2001
Fag:
Tags: Tilføj Tag
Ingen Tags, Vær først til at tagge denne postø!

MARC

LEADER 00000nam^a2200000^a^4500
001 000136481
005 20250521000000.0
009 20260310095319.316
020 |a 3-7643-6501-3 
037 |a Acervo ITESO - Biblioteca 
041 |a ING 
082 |a 530. 15  |b PIK 
100 |a Pikulin, Victor P.  |e (autor) 
245 1 0 |a Equations in Mathematical Physics :  |b a Practical Course /  |c V.P. Pikulin, S.I. Pohozaev ; tr. por Andrei Iacob. 
264 4 |a Basilea, Suiza :  |b Birkhäuser,  |c 2001, c2001 
300 |a VIII, 206 p. 
336 |a texto  |b txt  |2 rdacontenido 
337 |a sin mediación  |b n  |2 rdamedio 
338 |a volumen  |b nc  |2 rdasoporte 
500 |a Traducción de: Physics-Matematicheskaya Literatura 
649 |a XX 
650 |a Ecuaciones 
650 |a Física Matemática 
650 |a Matemáticas 
650 |a Física 
700 |a Pohozaev, Stanislav I,  |e (autor) 
910 |a Fondo General 
920 |a Impresos - Libros 
930 |a Colección General 
905 |a 101 
901 |a 0500065394  |b IT1  |c ACC  |u 20250521 
902 |a https://opac.biblio.iteso.mx/vufind/Record/000136481